LEADER 01352nas 2200373- 450 001 9910893244403321 005 20260218111157.0 035 $a(CKB)5280000000193287 035 $a(CONSER)--2016262265 035 $a(DE-599)ZDB2908521-4 035 $a(DE-599)2908521-4 035 $a(EXLCZ)995280000000193287 100 $a20161107a20149999 --- - 101 0 $aspa 181 $ctxt$2rdacontent 182 $cc$2rdamedia 183 $acr$2rdacarrier 200 00$aEncuesta nacional de hogares productores ... $eresultados generales /$fInstituto Nacional de Estadística y Censos (INEC) 210 1$aSan José, C.R. :$cINEC,$d2015- 215 $a1 online resource 311 08$aPrint version: Encuesta nacional de hogares productores ... : 2215-4361 (DLC) 2016262265 (OCoLC)962192376 606 $aHome-based businesses$zCosta Rica$vStatistics$vPeriodicals 606 $aHome-based businesses$2fast$3(OCoLC)fst00959397 607 $aCosta Rica$2fast 608 $aPeriodicals.$2fast 608 $aStatistics.$2fast 615 0$aHome-based businesses 615 7$aHome-based businesses. 712 02$aInstituto Nacional de Estadística y Censos (Costa Rica), 906 $aJOURNAL 912 $a9910893244403321 920 $aexl_impl conversion 996 $aEncuesta nacional de hogares productores ..$94263792 997 $aUNINA